2024 NCAA wrestling Championship - Statistics

General Stats
  • This quiz has been taken 74 times
  • The average score is 14 of 20
Answer Stats
Hint Answer % Correct
133 ILB 2nd Oklahoma State Daton Fix
92%
141 ILB 2nd Penn State Beau Bartlett
87%
165 ILB 1st Iowa State David Carr
87%
141 ILB 1st Ohio State Jesse Mendez
87%
197 ILB 1st Penn State Aaron Brooks
83%
174 ILB 1st Penn State Carter Starocci
79%
125 ILB 2nd Iowa Drake Ayala
77%
133 ILB 1st Cornell Vito Arujau
77%
157 ILB 1st Penn State Levi Haines
74%
149 ILB 1st Virginia Tech Caleb Henson
70%
165 ILB 2nd Penn State Mitchell Mesenbrink
70%
149 ILB 2nd Michigan Austin Gomez
68%
125 ILB 1st Arizona State Richard Figueroa
68%
157 ILB 2nd Arizona State Jacori Teemer
62%
197 ILB 2nd NC State Trent Hidlay
62%
184 ILB 2nd Oklahoma State Dustin Plott
57%
285 ILB 1st Penn State Greg Kerkvliet
57%
174 ILB 2nd Ohio State Rocco Welsh
53%
285 ILB 2nd Michigan Lucas Davidson
42%
184 ILB 1st Northern Iowa Parker Keckeisen
34%
No matching quizzes found
Score Distribution
Percent of People with Each Score
Percentile by Number Answered
Your Score History
You have not taken this quiz